Microsoft Office XP: Новейшие версии программ

Bibliographic Details
Main Author: Коцюбинский А. О.
Other Authors: Грошев С. В.
Language:Russian
Published: Москва, Триумф, 2001
Subjects:
Format: Book
KOHA link:https://koha.lib.tpu.ru/cgi-bin/koha/opac-detail.pl?biblionumber=47237

MARC

LEADER 00000nam0a2200000 4500
001 47237
005 20231031025840.0
010 |a 5893920465 
035 |a (RuTPU)RU\TPU\book\49337 
090 |a 47237 
100 |a 20030205d2001 m y0rusy50 ca 
101 0 |a rus 
102 |a RU 
105 |a a z 001zy 
200 1 |a Microsoft Office XP  |e Новейшие версии программ  |f А. О. Коцюбинский, С. В. Грошев 
210 |a Москва  |c Триумф  |d 2001 
215 |a 469 с.  |c ил. 
320 |a Алф. указ.: с.459-462 
610 1 |a информатика 
610 1 |a программы 
610 1 |a Microsoft Office XP 
610 1 |a Word 
610 1 |a Excel 
610 1 |a Outlook 
610 1 |a PowerPoint 
610 1 |a документы 
610 1 |a создание 
675 |a 681.3.066  |v 3 
700 1 |a Коцюбинский  |b А. О. 
701 1 |a Грошев  |b С. В. 
801 1 |a RU  |b 63413507  |c 20030205  |g PSBO 
801 2 |a RU  |b 63413507  |c 20040723  |g PSBO 
942 |c BK